<?xml version="1.0" encoding="UTF-8"?>
<record
    xmlns:xsi="http://www.w3.org/2001/XMLSchema-instance"
    xsi:schemaLocation="http://www.loc.gov/MARC21/slim http://www.loc.gov/standards/marcxml/schema/MARC21slim.xsd"
    xmlns="http://www.loc.gov/MARC21/slim">

  <leader>01229nam a22001937a 4500</leader>
  <datafield tag="999" ind1=" " ind2=" ">
    <subfield code="c">63248</subfield>
    <subfield code="d">63248</subfield>
  </datafield>
  <controlfield tag="003">Ge_BSU</controlfield>
  <controlfield tag="005">20250703145615.0</controlfield>
  <controlfield tag="008">250703s2010    ge ||||| |||| 00| 0 geo d</controlfield>
  <datafield tag="020" ind1=" " ind2=" ">
    <subfield code="a">9789941913112</subfield>
  </datafield>
  <datafield tag="041" ind1=" " ind2=" ">
    <subfield code="a">geo</subfield>
  </datafield>
  <datafield tag="080" ind1=" " ind2=" ">
    <subfield code="a">336.14(479.22) &#x10E1;-32</subfield>
  </datafield>
  <datafield tag="245" ind1=" " ind2=" ">
    <subfield code="a">&#x10E1;&#x10D0;&#x10E5;&#x10D0;&#x10E0;&#x10D7;&#x10D5;&#x10D4;&#x10DA;&#x10DD;&#x10E1; &#x10E1;&#x10D0;&#x10EE;&#x10D4;&#x10DA;&#x10DB;&#x10EC;&#x10D8;&#x10E4;&#x10DD; &#x10D1;&#x10D8;&#x10E3;&#x10EF;&#x10D4;&#x10E2;&#x10D8;&#x10E1; &#x10DB;&#x10DD;&#x10DC;&#x10D8;&#x10E2;&#x10DD;&#x10E0;&#x10D8;&#x10DC;&#x10D2;&#x10D8; = Monitoring of state budget of Georgia   /</subfield>
    <subfield code="c">[&#x10D2;&#x10D0;&#x10DB;&#x10DD;&#x10EA;. &#x10DB;&#x10E3;&#x10E8;&#x10D0;&#x10DD;&#x10D1;&#x10D3;&#x10DC;&#x10D4;&#x10DC;: &#x10D3;&#x10D0;&#x10D5;&#x10D8;&#x10D7; &#x10DC;&#x10D0;&#x10E0;&#x10DB;&#x10D0;&#x10DC;&#x10D8;&#x10D0; [&#x10D3;&#x10D0; &#x10E1;&#x10EE;&#x10D5;.]].</subfield>
  </datafield>
  <datafield tag="264" ind1=" " ind2=" ">
    <subfield code="a">&#x10D7;&#x10D1;&#x10D8;&#x10DA;&#x10D8;&#x10E1;&#x10D8; :</subfield>
    <subfield code="b">[&#x10D4;&#x10D9;&#x10DD;&#x10DC;&#x10DD;&#x10DB;&#x10D8;&#x10D9;&#x10D8;&#x10E1; &#x10DE;&#x10E0;&#x10DD;&#x10D1;&#x10DA;&#x10D4;&#x10DB;&#x10D4;&#x10D1;&#x10D8;&#x10E1; &#x10D9;&#x10D5;&#x10DA;&#x10D4;&#x10D5;&#x10D8;&#x10E1; &#x10EA;&#x10D4;&#x10DC;&#x10E2;&#x10E0;&#x10D8;,]</subfield>
    <subfield code="c">2010.</subfield>
  </datafield>
  <datafield tag="300" ind1=" " ind2=" ">
    <subfield code="a">74 &#x10D2;&#x10D5;. :</subfield>
    <subfield code="b">&#x10EA;&#x10EE;&#x10E0;. ; </subfield>
    <subfield code="c">30 &#x10E1;&#x10DB;.</subfield>
  </datafield>
  <datafield tag="440" ind1=" " ind2=" ">
    <subfield code="a">	&#x10DE;&#x10E0;&#x10DD;&#x10D4;&#x10E5;&#x10E2;&#x10D8; "&#x10E1;&#x10D0;&#x10E5;&#x10D0;&#x10E0;&#x10D7;&#x10D5;&#x10D4;&#x10DA;&#x10DD;&#x10E1; 2009 &#x10EC;&#x10DA;&#x10D8;&#x10E1; &#x10E1;&#x10D0;&#x10EE;&#x10D4;&#x10DA;&#x10DB;&#x10EC;&#x10D8;&#x10E4;&#x10DD; &#x10D1;&#x10D8;&#x10E3;&#x10EF;&#x10D4;&#x10E2;&#x10D8;&#x10E1; &#x10D2;&#x10D0;&#x10DB;&#x10ED;&#x10D5;&#x10D8;&#x10E0;&#x10D5;&#x10D0;&#x10DA;&#x10DD;&#x10D1;&#x10D8;&#x10E1;&#x10D0; &#x10D3;&#x10D0; &#x10D0;&#x10DC;&#x10D2;&#x10D0;&#x10E0;&#x10D8;&#x10E8;&#x10D5;&#x10D0;&#x10DA;&#x10D3;&#x10D4;&#x10D1;&#x10E3;&#x10DA;&#x10D4;&#x10D1;&#x10D8;&#x10E1; &#x10D2;&#x10D0;&#x10D6;&#x10E0;&#x10D3;&#x10D0; &#x10DB;&#x10DD;&#x10DC;&#x10D8;&#x10E2;&#x10DD;&#x10E0;&#x10D8;&#x10DC;&#x10D2;&#x10D8;&#x10E1; &#x10D2;&#x10D6;&#x10D8;&#x10D7;"</subfield>
    <subfield code="9">25609</subfield>
  </datafield>
  <datafield tag="501" ind1=" " ind2=" ">
    <subfield code="a">&#x10D3;&#x10D0;&#x10DC;&#x10D0;&#x10E0;&#x10D7;&#x10D4;&#x10D1;&#x10D8;: &#x10D2;&#x10D5;. 69-74.</subfield>
  </datafield>
  <datafield tag="520" ind1=" " ind2=" ">
    <subfield code="a">&#x10E0;&#x10D4;&#x10D6;. &#x10D8;&#x10DC;&#x10D2;&#x10DA;.</subfield>
  </datafield>
  <datafield tag="942" ind1=" " ind2=" ">
    <subfield code="2">udc</subfield>
    <subfield code="c">&#x1CAC;&#x1C98;&#x1C92;&#x1C9C;&#x1C98;</subfield>
  </datafield>
  <datafield tag="952" ind1=" " ind2=" ">
    <subfield code="0">0</subfield>
    <subfield code="1">0</subfield>
    <subfield code="2">udc</subfield>
    <subfield code="4">0</subfield>
    <subfield code="6">3361447922_&#x10E1;32</subfield>
    <subfield code="7">0</subfield>
    <subfield code="9">103641</subfield>
    <subfield code="a">CPL</subfield>
    <subfield code="b">CPL</subfield>
    <subfield code="c">GEN</subfield>
    <subfield code="d">2025-07-03</subfield>
    <subfield code="g">6.00</subfield>
    <subfield code="o">336.14(479.22) &#x10E1;-32</subfield>
    <subfield code="p">72068</subfield>
    <subfield code="r">2025-07-03</subfield>
    <subfield code="t">72068</subfield>
    <subfield code="w">2025-07-03</subfield>
    <subfield code="y">&#x1CAC;&#x1C98;&#x1C92;&#x1C9C;&#x1C98;</subfield>
    <subfield code="z">6&#x10DA;.</subfield>
  </datafield>
</record>
